00848nam a22002177a 4500003000900000005001700009008003300026020001800059040002200077082001700099100002500116245006800141260006200209300002000271942001200291945002800303952011900331952012500450956004000575999001500615DO-SdBNP20180221100113.0151209b pn 2002 a00| 0 spa d a9789962629085 aBPMSUbspacBPMSU 4axxxxxbxxxxx1 aAlvarado Patricia V.1 aGuillermo gusano y la gran inundación /cPatricia V. Alvarado aPanamá :bPiggy press,c2002.g(1a reimpresión 2007). a32 p. ;c14 cm. 2ddccBK aInventariado, 2018 / BT 00102ddc40708CI-GaBPMETbBPMETd2015-12-09eABINIAl0oxxxxx xxxxxpBPMSU15120111r2015-12-09w2015-12-09yBK 00102ddc40708CI-GaBPMETbBPMETd2015-12-09eABINIAl0oxxxxx xxxxxpBPMSU15120112r2015-12-09te. 2w2015-12-09yBK aBTAVAREZb10d20150912fBPMSUh0038 c9075d9075